000 00584nam a2200157 4500
999 _c17186
_d17186
008 220610b ||||| |||| 00| 0 eng d
022 _a00014826
082 _aDPer 657.05 Ac27 Jan 2016 vol. 91, no. 5
100 _aLennox, Clive S.
_945649
245 _aDid the PCAOB's restrictions on auditors' tax services improve audit quality?/
_cClive S. Lennox.
260 _aSarasota, Florida:
_bAmerican Accounting Association,
_c©2016.
300 _aV91 n5, pages 1493-1512:
_billustrations;
_c28 cm.
500 _aThe Accounting Review.
650 _aAuditing.
_945650
942 _2ddc
_cPER